000
00334nam a2200145Ia 4500
008
230718s9999 xx 000 0 und d
041
_a
Eng.
082
_a
3012723
_b
SAR-C
100
_a
Sarwar. Muhammad
245
0
_a
Compatitive Government
260
_a
Pakistan
_b
Ilmi Kitab
_c
2016
300
_a
536
650
_a
Law
999
_c
30920
_d
30920